000 00773nam a22001937a 4500
003 UA-OsUOA
001 12840
007 ta
008 20050531b un ||||| |||| 00| 0 ukr d
100 _aБандилко Л. Л.
700 _aШвецова - Водка Г.
942 _cSA
040 _aUA-OsUOA
_cUA-OsUOA
_dUA-OsUOA
245 _aВагомий внесок у вітчизняне каталогознавство : [ Книга Седих В.В. Бібілотечні каталоги як інформаційно - пошукові системи : Навч. посіб.- Х.2003.- 192 с.
_cЛ., Швецова - Водка Г. Бандилко Л.
300 _aС.25
955 _a0
773 0 _w0
650 7 _aБібліотечні каталоги
_2UDC
999 _c299001
_d299001